| 000 | 01764nam a2200505 i 4500 | ||
|---|---|---|---|
| 001 | 15409 | ||
| 003 | KOSZ 005 | ||
| 005 | 20200629112500.0 | ||
| 008 | 200414s1970 pl a f f 000 0 pol | ||
| 015 | _aUWD 1970/7921 | ||
| 035 | _a991035901139705066 | ||
| 035 | _a(PL-WaBN)b19650875-48omnis_nlop | ||
| 035 | _ab19650875 | ||
| 035 | _a(OCoLC)812724924 | ||
| 035 | _a(PL)b0000001965087 | ||
| 035 | _a(EXLNZ-48OMNIS_NETWORK)9910441307405606 | ||
| 040 |
_aWA N _cWA N _dKOSZ 005/RW |
||
| 046 | _k1970 | ||
| 080 | _a621 | ||
| 080 | _a621.9 | ||
| 100 | 1 |
_aGórski, Eugeniusz _d(1924-2017) _eAutor |
|
| 245 | 1 | 0 |
_aTechnologia maszyn. _nCz. 1, _pPodstawy skrawania / _cEugeniusz Górski. |
| 246 | 3 | 0 | _aPodstawy skrawania |
| 260 |
_aWarszawa : _bWydawnictwa Politechniki Warszawskiej, _c1970. |
||
| 300 |
_a303, [1] strony : _bilustracje ; _c24 cm. |
||
| 336 |
_aTekst _btxt _2rdacontent |
||
| 337 |
_aBez urządzenia pośredniczącego _bn _2rdamedia |
||
| 338 |
_aWolumin _bnc _2rdacarrier |
||
| 380 | _aKsiążki | ||
| 380 | _aPublikacje dydaktyczne | ||
| 388 | _a1901-2000 | ||
| 388 | _a1945-1989 | ||
| 490 | 1 | _aWyższe Zawodowe Studia Techniczne dla Pracujących | |
| 504 | _aBibliografia na stronie [304]. | ||
| 521 | 8 | _aSkrypt wydany dla Kierunku Mechanicznego. | |
| 650 | 7 |
_aSkrawanie _2DBN |
|
| 650 | 7 | _aTechnologia | |
| 655 | 7 |
_aPodręczniki akademickie _2DBN |
|
| 658 | _aInżynieria i technika | ||
| 710 | 2 |
_aOficyna Wydawnicza Politechniki Warszawskiej _4pbl |
|
| 830 | 0 | _aWyższe Zawodowe Studia Techniczne dla Pracujących | |
| 856 |
_uhttp://koha.tu.koszalin.pl/cgi-bin/koha/opac-detail.pl?biblionumber=15409 _yKatalog online BPK |
||
| 942 |
_2UKD _cKS |
||
| 999 |
_c15409 _d15409 |
||